Statistics for More Cows than Humans

Click here to take the quiz!

General Stats

  • This quiz has been taken 16 times
  • The average score is 5 of 9

Answer Stats

Cow to Human
Ratio
Country% Correct
1.40Mongolia
71%
1.88Paraguay
71%
3.21Uruguay
71%
1.19Argentina
64%
1.98New Zealand
64%
1.01Brazil
57%
1.32Ireland
50%
1.82Chad
14%
1.15Namibia
14%

Score Distribution

Percentile by Number Answered

Percent of People with Each Score

Your Score History

You have not taken this quiz